| 000 | 00693nam a22001697a 4500 | ||
|---|---|---|---|
| 005 | 20170522144508.0 | ||
| 010 | _aENG-118314 | ||
| 020 |
_a9788131250884 _c1150.00 |
||
| 035 | _aEN-101846 | ||
| 037 | _bDBAD/PUB | ||
| 082 | _a336.24 | ||
| 245 |
_aChaturvedi & pithisaria income tax rules with allied rules and relevant schemes / / _cby Mukesh Pithisaria |
||
| 260 |
_aHaryana _bLexisNexis _c2017 |
||
| 270 | _a14th Floor, Building No 10, Tower-B, DLF Cyber City, Phase-II, Gurgaon-122002, Haryana, India | ||
| 300 |
_aclxxxii, 1688p _c24cm.(pbk) |
||
| 942 |
_2ddc _cEN _h336.24 _mCHA |
||
| 999 |
_c140230 _d140230 |
||